000 01011nam a22002537a 4500
999 _c12520
_d12520
003 AR-CdUCM
008 190409b ||||| |||| 00| 0 spa d
020 _a978-9972-33-983-7
040 _aMUNICIPALIDAD PROVINCIAL DEL CUSCO
_cBIBLIOTECA MUNICIPAL DEL CUSCO
082 _aC / 985.61 /
_bCH43
100 _aChevarria Huarcaya, Efrain
_9161
245 _aMachu Picchu maravilla del mundo :
_bantología ilustrada /
260 _aCusco :
_bDanny´s graff,
_c2009.
300 _a310 páginas ;
_bIlustraciones,
_c21 cm.
505 _aContenido: Marco geográfico -- Geología -- Ecología -- Las orquídeas de Machu Picchu -- La expedición de Yale University en 1911 -- La expedición científica en 1915 ...
650 _aSantuario histórico
_930390
650 _aArqueología
_9371
650 _aMachupicchu
_91751
650 _aHistoria
_9136
710 _aInstituto nacional de cultura
_99
710 _aDirección regional de cultura - Cusco
_97732
942 _2ddc
_cLIBROS
945 _aacv
_d2019-04-09